000 00413nam a2200181Ia 4500
001 865
005 20260306140549.0
008 260306t2012||||xx |||||||||||||| ||spa||
041 _aESP
082 _a170.44
_bB137
100 _aBestard Comas, Joan
_eAUT
245 0 _aDiez valores éticos
260 _c2012
300 _a220 páginas :
_c21 cm.
650 _aGEN
654 _aCHU
942 _cLIB
_dJUS
_fJUS
_2ddc
_n
999 _c865
_d865